Analýza faktorů ovlivňující podnikání českých firem po vstupu do EU se srovnáním trendů v regionech s vysokou mírou nezaměstnanosti /

Hlavní autor: Duháček Šebestová, Jarmila, 1977-
Jazyk: Čeština
Vydáno: V Karviné: Slezská univerzita v Opavě, Obchodně podnikatelská fakulta, 2005
Edice: Studia oeconomica : vědecké monografie Slezské univerzity v Opavě, Obchodně podnikatelské fakulty v Karviné
Témata:
Fyzický popis: 137 s. : il., mapy ; 24 cm
Language note: Anglické resumé
Knihy
Uloženo v:
LEADER 02232nam a2200553 a 4500
001 nkc20051633630
003 CZ PrNK
005 20070213113318.0
007 ta
008 051202s2005 xr ab f 001 0 cze
015 |a cnb001633630 
020 |a 80-7248-328-5  |q (brož.) 
035 |a (OCoLC)83978511 
040 |a OLA001  |b cze  |d ABA001 
041 0 |a cze  |b eng 
043 |a e-xr--- 
072 7 |a 334  |x Formy organizace a spolupráce v ekonomice  |2 Konspekt  |9 4 
080 |a 334.012.63/.64  |2 MRF 
080 |a 338.246  |2 MRF 
080 |a 331.5  |2 MRF 
080 |a 332.055.2  |2 MRF 
080 |a (437.3)  |2 MRF 
080 |a (048.8)  |2 MRF 
100 1 |a Duháček Šebestová, Jarmila,  |d 1977-  |7 mzk2006324032  |4 aut 
245 1 0 |a Analýza faktorů ovlivňující podnikání českých firem po vstupu do EU se srovnáním trendů v regionech s vysokou mírou nezaměstnanosti /  |c Jarmila Šebestová 
260 |a V Karviné:  |b Slezská univerzita v Opavě, Obchodně podnikatelská fakulta,  |c 2005 
300 |a 137 s. :  |b il., mapy ;  |c 24 cm 
490 1 |a Studia oeconomica : vědecké monografie Slezské univerzity v Opavě, Obchodně podnikatelské fakulty v Karviné 
500 |a 200 výt. 
504 |a Obsahuje bibliografii, bibliografické odkazy a rejstřík 
521 8 |a Určeno odborné veřejnosti 
546 |a Anglické resumé 
650 0 7 |a malé a střední podniky  |7 ph115211  |z Česko  |2 czenas 
650 0 7 |a podpora podnikání  |7 ph115412  |z Česko  |2 czenas 
650 0 7 |a trh práce  |7 ph116483  |z Česko  |2 czenas 
650 0 7 |a regionální rozvoj  |7 ph125083  |z Česko  |2 czenas 
650 0 9 |a small enterprises  |z Czechia  |2 eczenas 
650 0 9 |a medium-sized enterprises  |z Czechia  |2 eczenas 
650 0 9 |a industrial promotion  |z Czechia  |2 eczenas 
650 0 9 |a labor market  |z Czechia  |2 eczenas 
650 0 9 |a regional development  |z Czechia  |2 eczenas 
655 7 |a monografie  |7 fd132842  |2 czenas 
655 9 |a monographs  |2 eczenas 
810 2 |a Slezská univerzita.  |b Obchodně podnikatelská fakulta.  |t Studia oeconomica  |0 s 
910 2 |a BOA001  |b 2-1165.034 
990 |a BK 
995 |a 01 
991 |b 200603  |c NOV 
996 6 |b 2610271969  |c 2-1165.034  |l MZK  |r Sklad / do 1 hodiny  |n 9  |p p.v.  |w 000808486  |u 000010  |a 1  |e BOA001  |j MZK50  |s P